000 00187 a2200097 4500
020 _a9780516080741
041 _aeng
100 _aThomson, Ruth
245 _aRAinforest indians
942 _cBK
999 _c9620
_d9620